Guess Every 2021-2022 Draft Pick - Statistics

General Stats
  • This quiz has been taken 5 times
  • The average score is 17 of 32
Answer Stats
Hint Answer % Correct
(5) Bengals WR LSU Jamar Chase
100%
(6) Dolphins WR Alabama Jaylen Waddle
100%
(11) Bears QB Ohio State Justin Fields
100%
(4) Falcons TE Florida Kyle Pitts
100%
(15) Patriots QB Alabama Mac Jones
100%
(24) Steelers RB Alabama Najee Harris
100%
(25) Jaguars RB Clemson Travis Etienne
100%
(1) Jaguars QB Clemson Trevor Lawrence
100%
(3) 49ers QB NDSU Trey Lance
100%
(2) Jets QB BYU Zach Wilson
100%
(10) Eagles WR Alabama DeVonta Smith
80%
(8) Panthers DB South Carolina Jaycee Horn
80%
(20) Giants WR Florida Kadarius Toney
80%
(12) Cowboys LB Penn State Micah Parsons
80%
(7) Lions OT Oregon Peni Sewell
80%
(9) Broncos DB Alabama Pat Surtain
60%
(17) Raiders OT Alabama Alex Leatherwood
40%
(22) Titans DB Virginia Tech Caleb Farley
40%
(13) Chargers OT Northwestern Rashawn Slater
40%
(27) Ravens WR Minnesota Rashod Bateman
40%
(14) Jets G USC Alijah Vera-Tucker
20%
(23) Vikings OT Virginia Tech Christian Darrisaw
20%
(29) Packers DB Georgia Eric Stokes
20%
(26) Browns DB Northwestern Greg Newsome
20%
(28) Saints DE Houston Payton Turner
20%
(30) Bills Edge Miami Greg Rousseau
0%
(18) Dolphins EDGE Miami Jaelan Phillips
0%
(19) Commanders LB Kentucky Jamin Davis
0%
(32) Bucs Edge Washington Joe Tryton-Shoyinka
0%
(21) Colts EDGE Michigan Kwity Paye
0%
(31) Ravens Edge Penn State Odafe Oweh
0%
(16) Cardinals LB Tulsa Zaven Collins
0%
No matching quizzes found
Score Distribution
Percent of People with Each Score
Percentile by Number Answered
Your Score History
You have not taken this quiz